1756 1270 1045 1403 1965 1269 1314 1129 1441 1216 1782 1339 1191 1773 1886 1024 1585 1208 1165 1853 1303 1547 1819 1364 1235 1430 1001 1985 1780 1744 1951 1307 1063 1166 1127 1359 1140 1046 1583 1219 1991 1836 1417 1184 1578 1863 1696 1064 1686 1988 1250 1243 1253 1350 1701 1654 1218 1683 1309 1832 1795 1416 1865 1250 1712 1365 1585 1353 1899 1674 1272 1290 1816 1125 1841 1012 1653 1126 1910 1068 1615 1583 1041 1038 1639 1539 1038 1401 1802 1979 1485 1277 1419 1655 1781 1950 1157 1596 1468 BCNSPRNW ULIB Ver.6.0+V

เปลี่ยนเป็นภาษาไทย

Change to English
 แสดงรายละเอียดบรรณานุกรม
  กลับหน้าหลัก

Brief Record : Get Marc (ISO 2709) : E-mail record : QR code < ปิดหน้าต่าง
LEADER : 00000nam 2200000uu 4500
001    13399110850
003     ULIB
008    110610s2546||||th 000 0 tha d
020    974909820X
060 04 WY105^bพ474ข 2546
100 0  พวงรัตน์ บุญญานุรักษ์
245 10 ขุมปัญญาทางพยาบาลศาสตร์ =^bWisdom in nursing science /^cพวงรัตน์ บุญญานุรักษ์
246 31 Wisdom in nursing science
260    [กรุงเทพฯ] :^bพระราม4 ปริ้นติ้ง,^c2546
300    421 หน้า :^c30 ซม.
650  7 การพยาบาล, องค์การและการบริหาร
650  7 พยาบาล, การให้บริการ
650  7 พยาบาล, การศึกษา
945    ^p380^l0^i12842
945    ^p380^l0^i12841
945    ^p380^l0^i11710
995    เกษร
999    ^aใช้งานได้ทุกระบบ
รายการนี้ยังไม่มีแท็ก
คุณยังไม่ได้ล็อกอิน คุณสามารถมีกิจกรรมร่วมกับเว็บไซต์ได้ แต่ต้องล็อกอินก่อน ::
  ล็อกอิน

รายการสื่อสารสนเทศ

ลำดับที่ ประเภท เลขเรียก/บาร์โค้ด สถานที่ สถานะ
1. วิทยาศาสตร์การแพทย์ และสุขภาพ
หนังสือสำรอง
สถานะ=หนังสือสำรอง
WY105 พ474ข 2546 ฉ.1 
  Barcode: 11710
ห้องสมุดวิทยาเขตสวรรค์ประชารักษ์
►นวนิยาย
บนชั้น
  ขอยืม
2. วิทยาศาสตร์การแพทย์ และสุขภาพ
วิทยาศาสตร์การแพทย์ และสุขภาพ
WY105 พ474ข 2546 ฉ.2 
  Barcode: 12841
ห้องสมุดวิทยาเขตสวรรค์ประชารักษ์
►นวนิยาย
บนชั้น
  ขอยืม
3. วิทยาศาสตร์การแพทย์ และสุขภาพ
วิทยาศาสตร์การแพทย์ และสุขภาพ
WY105 พ474ข 2546 ฉ.3 
  Barcode: 12842
ห้องสมุดวิทยาเขตสวรรค์ประชารักษ์
►นวนิยาย
บนชั้น
  ขอยืม

รายการใกล้เคียง
    ผู้แต่ง [พวงรัตน์ บุญญานุรักษ์]

    หัวเรื่อง [การพยาบาล, องค์การและการบริหาร]
    หัวเรื่อง [พยาบาล, การให้บริการ]
    หัวเรื่อง [พยาบาล, การศึกษา]

BibComment


ยังไม่เคยถูกคอมเมนท์

คอมเมนท์ทรัพยากรรายการนี้
  คอมเมนท์: ขุมปัญญาทางพยาบาล..


 Copyright 2026. Bcnsprnw @Library